000 00638nam a2200229Ia 4500
001 6977
003 GE_BSU
008 181216s||||||||xx |||||||||||||| ||und||
040 _cGE_BSU
080 _a628.1(075.8)
100 _aАбрамов,Н.Н.
245 _aВодоснабжение.
245 _bУчебник для вузов.
245 _cРед. Р.Л.Черкинская, А.А.Минаева.
250 _a3-е изд., перераб. и доп.
260 _aМ.
260 _bСтройиздат.
260 _c1982.
300 _a440с.ил.27см.
653 _aВодоснабжение.
942 _cBK
999 _c40369
_d40369